The siege operations in the campaign against France, 1870-71 (Record no. 553077)
[ view plain ]
| 000 -LEADER | |
|---|---|
| fixed length control field | 00730cam a2200193Ka 4500 |
| 082 ## - DEWEY DECIMAL CLASSIFICATION NUMBER | |
| Classification number | 943.082 |
| Author Mark | Tie |
| 100 1# - MAIN ENTRY--PERSONAL NAME | |
| Personal name | Tiedemann, Benno von. |
| 9 (RLIN) | 50353 |
| 245 14 - TITLE STATEMENT | |
| Title | The siege operations in the campaign against France, 1870-71 |
| Statement of responsibility, etc. | translated by Major Tyler. |
| 260 ## - PUBLICATION, DISTRIBUTION, ETC. | |
| Place of publication, distribution, etc. | London : |
| Name of publisher, distributor, etc. | H.M.S.O., |
| Date of publication, distribution, etc. | 1877. |
| 300 ## - PHYSICAL DESCRIPTION | |
| Extent | 1 online resource (vi, 196 p.) : |
| Other physical details | maps |
| 526 ## - STUDY PROGRAM INFORMATION NOTE | |
| Program name | 0 |
| Interest level | 0 |
| Reading level | 0 |
| Title point value | 943_082000000000000_TIE |
| 650 #0 - SUBJECT ADDED ENTRY--TOPICAL TERM | |
| Topical term or geographic name entry element | Franco-Prussian War, 1870-1871. |
| 9 (RLIN) | 49384 |
| 650 #0 - SUBJECT ADDED ENTRY--TOPICAL TERM | |
| Topical term or geographic name entry element | Sieges. Belfort, 1870-1871. |
| 9 (RLIN) | 50354 |
| 650 #0 - SUBJECT ADDED ENTRY--TOPICAL TERM | |
| Topical term or geographic name entry element | Sieges. Metz, 1870. |
| 9 (RLIN) | 50355 |
| 650 #0 - SUBJECT ADDED ENTRY--TOPICAL TERM | |
| Topical term or geographic name entry element | Sieges. Paris, 1870-1871. |
| 9 (RLIN) | 50356 |
| 650 #0 - SUBJECT ADDED ENTRY--TOPICAL TERM | |
| Topical term or geographic name entry element | Sieges. Strassburg, 1870. |
| 9 (RLIN) | 50357 |
| 856 40 - ELECTRONIC LOCATION AND ACCESS | |
| Uniform Resource Identifier | <a href="http://catalog.hathitrust.org/api/volumes/oclc/7858067.html">http://catalog.hathitrust.org/api/volumes/oclc/7858067.html</a> |
| 942 ## - ADDED ENTRY ELEMENTS (KOHA) | |
| Source of classification or shelving scheme | |
| Koha item type | Book |
| Withdrawn status | Lost status | Source of classification or shelving scheme | Damaged status | Not for loan | Permanent Location | Current Location | Shelving location | Date acquired | Total Checkouts | Full call number | Barcode | Date last seen | Price effective from | Koha item type |
|---|---|---|---|---|---|---|---|---|---|---|---|---|---|---|
| Military College of Engineering (MCE) | Military College of Engineering (MCE) | 01/29/2015 | 943.082 Tie | MCE-ECS/77 | 01/29/2015 | 01/29/2015 | Book |
